الأفعال فى اللغ / i العرب'dad 'Isa Hasan Abtadun; ishraf Muhammad al-Tayyibية
Saved in:
| Main Author: | |
|---|---|
| Other Authors: | |
| Format: | Thesis |
| Language: | Arabic |
| Published: |
خرطوم
: معهد خرطوم دولى غة عربية،
1986
|
| Subjects: | |
| Tags: |
Add Tag
No Tags, Be the first to tag this record!
|
| LEADER | 011260000a22002890004500 | ||
|---|---|---|---|
| 001 | 89561 | ||
| 005 | 20030430165000.0 | ||
| 008 | 940203s1986 ara | ||
| 035 | |a 295913 | ||
| 035 | |a (Sirsi) 89561 | ||
| 040 | |a UIAM |b eng | ||
| 049 | |b m | ||
| 050 | |a PJ6145 | ||
| 100 | 1 | |a أبترون، عيسى حسن | |
| 242 | 1 | 0 | |a al-Af'al fi al-lughah al-'Arabiyah / |b 'dad 'Isa Hasan Abtadun; ishraf Muhammad al-Tayyib |
| 245 | 1 | 0 | |a الأفعال فى اللغ / i العرب'dad 'Isa Hasan Abtadun; ishraf Muhammad al-Tayyibية |
| 246 | 0 | 4 | |a al-Af'al fi al-lughah al-'Arabiyah / |c i'dad 'Isa Hasan Abtadun; ishraf Muhammad al-Tayyib |
| 260 | 1 | |a خرطوم |b : معهد خرطوم دولى غة عربية، |c 1986 | |
| 300 | |a 98 p. | ||
| 502 | |a (M.A)--Ma'had al-Khurtum al-Dawli lil-Lughat al-'Arabiyah, 1986 | ||
| 596 | |a 1 | ||
| 650 | 0 | |a Arabic language |x Verb | |
| 655 | 0 | 7 | |a Theses, non-IIUM |
| 700 | 1 | |a Abtarun, 'Isa Hasan | |
| 900 | |a khs-abu | ||
| 999 | |c 430628 |d 462119 | ||
| 952 | |0 0 |6 T PJ 006145 A164A |7 0 |8 THESES |9 749900 |a IIUM |b IIUM |c MULTIMEDIA |g 0.00 |o t PJ6145A164A |p 00000295914 |r 2017-10-20 |t 1 |v 0.00 |y THESIS | ||
